MARC

LEADER 00000nam0a2200000 4500
001 336774
005 20231102004903.0
035 |a (RuTPU)RU\TPU\book\363226 
035 |a RU\TPU\book\363225 
090 |a 336774 
100 |a 20171024d1979 k y0rusy50 ca 
101 0 |a rus 
102 |a RU 
105 |a a z 001zy 
200 1 |a Проблемы повышения эффективности и качества радиотехнических систем  |h Вып. 2  |e межвузовский сборник  |f под ред. Д. В. Астрецова 
210 |a Свердловск  |c Изд-во УПИ  |d 1979 
215 |a 128 с.  |c ил. 
320 |a Библиография в конце статей 
606 1 |a Радиотехнические системы  |x Качество  |2 stltpush  |3 (RuTPU)RU\TPU\subj\23240  |9 47871 
610 1 |a синтез 
610 1 |a оптимизация 
610 1 |a анализ 
610 1 |a характеристики 
610 1 |a элементы 
610 1 |a устройства 
610 1 |a исследования 
610 1 |a информативность 
610 1 |a точность 
610 1 |a помехоустойчивость 
610 1 |a радиоэлектронные системы 
610 1 |a моделирование 
675 |a 621.37-027.45  |v 4 
702 1 |a Астрецов  |b Д. В.  |4 340 
801 1 |a RU  |b 63413507  |c 20171024 
801 2 |a RU  |b 63413507  |c 20181024  |g RCR 
942 |c BK